01014nam a2200241 a 4500999001500000001001900015003000400034005001700038008004100055017001700096020001500113035002500128040002400153245012200177260009100299300002700390500012700417610004400544907006900588908000800657942001300665952009400678 c8007d8007991025176179706706OSt20241219182131.0070502s2006 sp o 000 0 cat c aB-17980-2006 a8461101642 a(ES-BaCBU).b46577737 aES-BaCBUbcatcCDMR03aEl Pols dels diesb: 125 anys de La Vanguardia /c[textos: Màrius Carol, Carles Salmurri, Xavier Antich ... et al.] aBarcelona :bLa Vanguardia :bCentre de Cultura Contemporània de Barcelona,cDL 2006 a171 p. :bil. ;c24 cm aCatàleg de l'exposició celebrada al Centre de Cultura Contemporània de Barcelona del 20 d'abril al 5 de juny de 200620aLa Vanguardia (Diari)91150xHistòria a.b46577737b22-01-21c16-12-10d16-12-10emfag-hcatispj3k1 aURL 2udccMON 00104070aCDMRbCDMRd2013-01-16l0oDu 9/66pCDMR13056311r2013-05-03w2013-05-03yMON